00489nam a2200133Ia 4500008004100000082001500041100003800056245014300094260003900237300001700276520001100293650002800304700002300332230907s9999||||xx |||||||||||||| ||und|| a621.3bSHA aM. Altamash Shabbir (00000319845) 0aAntireflection coatings based on La doped ZnO and Diamond-like carbon via wet-chemistry and vapor deposition methods for PV Applications / aUSPCAS-E, NUST,bIslamabad :c2022 axiii, 137 p. aTH-354 aMS-ESE Thesis MS Thesis aDr. Zuhair S. Khan